02069 2200385 4500001002100000005001500021035002000036007000300056008004100059020002200100082001000122084001600132100003000148245030100178250002800479300004000507650002200547650001700569650002800586700002900614700003400643700003400677700003400711700002500745700003000770700003200800700004100832520066500873600001901538264004301557336002101600337003001621338002301651990000901674INLIS00000000000299620260402093048 a0010-0426000010ta260402 g 0 ind  a978-602-72712-0-3 a959.8 a959.8 LAO e0 aLaode Lalano SePengarang1 aENSIKLOPEDIA LINTAS SEJARAH INDONESIA #6 - PENGUATAN KARAKTER BANGSA :bPeriode 2014 dalam Literasi Visual /cLaode Lalano S, Itok Isdianto, Moeflich Hasbullah, Nurul Fitry Azizah ; penyunting, Yanti Sriyulianti ; ilustrator, David Go, Didin Jahidin, Slamet Hariyadi, Andrianus kokok Rahardjo dkk aCetakan ke-3, Juni 2016 a101 halaman :bilustrasi ;c28,5 cm 4aSejarah Indonesia 4aEnsiklopedia 4aLiterasi visual sejarah0 aItok IsdiantoePengarang0 aMoeflich HasbullahePengarang0 aNurul Fitry AzizahePengarang0 aYanti SriyuliantiePenyunting0 aDavid GoeIlustrator0 aDidin JahidineIlustrator0 aSlamet HariyadieIlustrator0 aAndrianus kokok RahardjoeIlustrator aJilid keenam ini membahas periode 2014, awal pemerintahan Presiden Joko Widodo. - Fokus pada penguatan karakter bangsa melalui program pendidikan, kebudayaan, dan pembangunan manusia. - Menyoroti visi Nawacita, yang menekankan kedaulatan politik, kemandirian ekonomi, dan kepribadian dalam kebudayaan. - Menggambarkan transformasi sosial dengan penekanan pada integritas, gotong royong, dan nasionalisme. - Menjelaskan tantangan globalisasi dan bagaimana Indonesia berusaha memperkuat identitas bangsa di tengah arus modernisasi. - Disajikan dengan literasi visual berupa infografis, ilustrasi, dan foto arsip untuk memudahkan pemahaman kronologi sejarah. 4aLaode Lalano S aJakarta :bBinar Cahaya Semesta,c2016 2rdacontentateks 2rdamediaatanpa perantara 2rdacarrieravolume a7579